Countries Quizmaster Has Been To - Sudden Death - Statistics

General Stats
  • This quiz has been taken 6 times
  • The average score is 4 of 29
Answers on the Grid
Answers color-coded by a green-red scale on the quiz's grid according to % correct below.
Australia
Austria
Belgium
Brazil
Canada
China
Colombia
Costa Rica
Croatia
Denmark
Egypt
Finland
France
Germany
Greece
Iceland
India
Indonesia
Ireland
Israel
Italy
Japan
Mexico
Monaco
Netherlands
New Zealand
Norway
Peru
Poland
Russia
San Marino
South Africa
South Korea
Spain
Sweden
Taiwan
Tanzania
Thailand
Turkey
Ukraine
United Arab Emirates
United Kingdom
United States
Vatican City
Vietnam
 
Answer Stats
Answer % Correct
Australia
50%
Austria
33%
Canada
33%
France
33%
Japan
33%
United States
33%
Colombia
17%
Germany
17%
Greece
17%
Ireland
17%
Italy
17%
Mexico
17%
Netherlands
17%
New Zealand
17%
Spain
17%
Thailand
17%
Turkey
17%
United Kingdom
17%
China
0%
Costa Rica
0%
Denmark
0%
Monaco
0%
Norway
0%
Peru
0%
San Marino
0%
Sweden
0%
Taiwan
0%
Tanzania
0%
Vatican City
0%
No matching quizzes found
Score Distribution
Percent of People with Each Score
Percentile by Number Answered
Your Score History
You have not taken this quiz